| 000 | 00000nam##2200000za#4500 |
| 001 | 9.662399 |
| 003 | CaOODSP |
| 005 | 20210615120530 |
| 007 | ta |
| 008 | 150407|2000||||xxc||||| f|0| 0 eng|d |
| 020 | |a0-662-65410-2 |
| 040 | |aCaOODSP|beng |
| 041 | |aeng |
| 041 | |afre |
| 043 | |an-cn--- |
| 086 | 1 |aSC94-76/2000 |
| 110 | 1 |aCanada.|bCanadian Centre for Management Development. |
| 245 | 10|aImplementing the Social Union Framework Agreement : |ba learning and reference tool / |cby John McLean and Geoff Dinsdale. |
| 260 | |aOttawa - Ontario : |bCanadian Centre for Management Development |c2000. |
| 300 | |aEnglish text, viii, 52p. : |breferences ; |c28 cm. |
| 563 | |aSoftcover |
| 590 | |a02-22|b2002-05-31 |
| 590 | |a02-29|b2002-07-19 |
| 690 | 07|aDomestic trade|2gcpds |
| 690 | 07|aFederal provincial agreements|2gcpds |
| 690 | 07|aFederal territorial agreements|2gcpds |
| 690 | 07|aSocial policy|2gcpds |
| 720 | 1 |aMcLean, John |
| 720 | 1 |aDinsdale, Geoff |
| 776 | 0#|tLa mise en oeuvre de l'entente-cadre sur l'union sociale : |w(CaOODSP)9.640019 |
| 776 | 0#|tImplementing the social union framework agreement : |w(CaOODSP)9.695898 |
| 792 | |tLa mise en oeuvre de l'Entente-cadre sur l'union sociale : |efre|w(CaOODSP)9.662400 |